<?xml version="1.0" encoding="UTF-8"?><?xml-stylesheet type="text/xsl" href="static/style.xsl"?><OAI-PMH xmlns="http://www.openarchives.org/OAI/2.0/" xmlns:xsi="http://www.w3.org/2001/XMLSchema-instance" xsi:schemaLocation="http://www.openarchives.org/OAI/2.0/ http://www.openarchives.org/OAI/2.0/OAI-PMH.xsd"><responseDate>2026-04-13T06:57:52Z</responseDate><request verb="GetRecord" identifier="oai:www.recercat.cat:2117/344156" metadataPrefix="marc">https://recercat.cat/oai/request</request><GetRecord><record><header><identifier>oai:recercat.cat:2117/344156</identifier><datestamp>2025-07-23T00:35:41Z</datestamp><setSpec>com_2072_1033</setSpec><setSpec>col_2072_452951</setSpec></header><metadata><record xmlns="http://www.loc.gov/MARC21/slim" xmlns:dcterms="http://purl.org/dc/terms/" xmlns:xsi="http://www.w3.org/2001/XMLSchema-instance" xmlns:doc="http://www.lyncode.com/xoai" xsi:schemaLocation="http://www.loc.gov/MARC21/slim http://www.loc.gov/standards/marcxml/schema/MARC21slim.xsd">
   <leader>00925njm 22002777a 4500</leader>
   <datafield ind2=" " ind1=" " tag="042">
      <subfield code="a">dc</subfield>
   </datafield>
   <datafield ind2=" " ind1=" " tag="720">
      <subfield code="a">Ribera i Martínez, Roger</subfield>
      <subfield code="e">author</subfield>
   </datafield>
   <datafield ind2=" " ind1=" " tag="260">
      <subfield code="c">2020-06-17</subfield>
   </datafield>
   <datafield ind2=" " ind1=" " tag="520">
      <subfield code="a">Aquest treball com bé indica el seu nom consisteix en el disseny i&#xd;
implementació de les mesures de seguretat per a dos braços robòtics que&#xd;
treballen simultàniament amb l’objectiu de mesurar peces gràcies a un escàner&#xd;
3D. També veurem l’esquema elèctric d’aquestes dues màquines.&#xd;
Aquest projecte consta de dos treballs de final de grau, en aquest s’ha englobat&#xd;
el que formaria part del hardware de la màquina en canvi en l’altre trobarem la&#xd;
part de software i programació.&#xd;
En conclusió s’ha aconseguit automatitzar un procés el qual requereix molta&#xd;
precisió i la qual s’aconsegueix amb la instal·lació d’aquests dos braços&#xd;
robòtics de la casa Fanuc.</subfield>
   </datafield>
   <datafield ind2=" " ind1=" " tag="520">
      <subfield code="a">This work, as its name suggests, consists of the design and implementation of&#xd;
safety measures for two robotic arms that work simultaneously with the aim of&#xd;
measuring parts using a 3D scanner. We will also look at the electrical diagram&#xd;
of these two machines.&#xd;
This project consists of two final degree projects; this one includes what would&#xd;
be part of the hardware of the machine while the other includes the software&#xd;
and programming.&#xd;
In conclusion, it has been possible to automate a process that requires a lot of&#xd;
precision and which is achieved with the installation of these two robotic arms&#xd;
from the Fanuc brand.</subfield>
   </datafield>
   <datafield tag="653" ind2=" " ind1=" ">
      <subfield code="a">Àrees temàtiques de la UPC::Informàtica::Robòtica</subfield>
   </datafield>
   <datafield tag="653" ind2=" " ind1=" ">
      <subfield code="a">Àrees temàtiques de la UPC::Economia i organització d'empreses::Seguretat industrial</subfield>
   </datafield>
   <datafield tag="653" ind2=" " ind1=" ">
      <subfield code="a">Robots, Industrial -- Safety measures</subfield>
   </datafield>
   <datafield tag="653" ind2=" " ind1=" ">
      <subfield code="a">Robots industrials -- Mesures de seguretat</subfield>
   </datafield>
   <datafield ind2="0" ind1="0" tag="245">
      <subfield code="a">Disseny i implementació de les mesures de seguretat per a dos braços robòtics que treballen simultàniament en la mesura de peces en 3D</subfield>
   </datafield>
</record></metadata></record></GetRecord></OAI-PMH>